Matthew Arnold and the Romantics. (Record no. 54214)
[ view plain ]
| 000 -LEADER | |
|---|---|
| fixed length control field | 00761nam a2200241 a 4500 |
| 001 - CONTROL NUMBER | |
| control field | 54214 |
| 003 - CONTROL NUMBER IDENTIFIER | |
| rucl marc code | BD-RjUL |
| 005 - DATE AND TIME OF LATEST TRANSACTION | |
| control field | 20211209080104.0 |
| 008 - FIXED-LENGTH DATA ELEMENTS--GENERAL INFORMATION | |
| fixed length control field | 161103s1963 enk||||| b||| 001 0 eng d |
| 035 ## - SYSTEM CONTROL NUMBER | |
| System control number | (BD-RjUL)54336 |
| 040 ## - CATALOGING SOURCE | |
| Original cataloging agency | BD-RjUL |
| Language of cataloging | eng |
| Transcribing agency | BD-RjUL |
| 041 ## - LANGUAGE CODE | |
| Language code of text/sound track or separate title | eng |
| 082 ## - DEWEY DECIMAL CLASSIFICATION NUMBER | |
| Edition number | 23 |
| Classification number | 821.8 |
| Author mark and year | GOM 1963 |
| 100 ## - MAIN ENTRY--PERSONAL NAME | |
| Personal name | Gottfried, Leon |
| 9 (RLIN) | 161798 |
| 245 ## - TITLE STATEMENT | |
| Title | Matthew Arnold and the Romantics. |
| Statement of responsibility, etc. | Leon Gottfried |
| 250 ## - EDITION STATEMENT | |
| Edition statement | 1st, ed. |
| 260 ## - PUBLICATION, DISTRIBUTION, ETC. (IMPRINT) | |
| Place of publication, distribution, etc. | London : |
| Name of publisher, distributor, etc. | Routledge & Kegan paul, |
| Date of publication, distribution, etc. | c1963. |
| 300 ## - PHYSICAL DESCRIPTION | |
| Pagination | x, 277 p. ; |
| Size | 21 cm. |
| 504 ## - BIBLIOGRAPHY, ETC. NOTE | |
| Bibliography, etc | Includes bibliography and index |
| 650 ## - SUBJECT ADDED ENTRY--TOPICAL TERM | |
| Topical term or geographic name as entry element | Arnold, Matthew |
| General subdivision | Criticism and interpretation |
| Chronological subdivision | 1822-1888 |
| 9 (RLIN) | 161799 |
| Topical term or geographic name as entry element | English poetry |
| General subdivision | History and criticism. |
| Chronological subdivision | 19th century |
| 9 (RLIN) | 161800 |
| 942 ## - ADDED ENTRY ELEMENTS (KOHA) | |
| Source of classification or shelving scheme | Dewey Decimal Classification |
| Koha item type | Books |
| Lost status | Source of classification or shelving scheme | Damaged status | Not for loan | Collection code | Permanent Location | Current Location | Shelving location | Date acquired | Source of acquisition | Cost, normal purchase price | Total Checkouts | Full call number | Date last seen | Copy number | Koha item type |
|---|---|---|---|---|---|---|---|---|---|---|---|---|---|---|---|
| Dewey Decimal Classification | Non-fiction | Central Library, University of Rajshahi | Central Library, University of Rajshahi | 09/04/1964 | Zeitlinger | 40.00 | 821.8 GOM 1963 | 03/11/2016 | C-2 | Books |